El significado del siglo XX: la gran transición

Պահպանված է:
Մատենագիտական մանրամասներ
Հիմնական հեղինակ: Boulding, Kenneth E
Ձևաչափ: Գիրք
Լեզու:իսպաներեն
Հրապարակվել է: Ciudad de México, Mexico UTEHA 1966
Շարք:Manuales Uteha. 339
Խորագրեր:
Ցուցիչներ: Ավելացրեք ցուցիչ
Չկան պիտակներ, Եղեք առաջինը, ով նշում է այս գրառումը!

MARC

LEADER 00000nam a2200000 a 4500
001 UCL4252
003 CL-VaPUC
005 20240124092053.0
008 040109e19660000MX |||||||||||||||||spa|d
999 |c 307133  |d 307131 
040 |c Pontificia Universidad Católica de Valparaíso 
082 0 4 |a 306.0904 BOU 1966  |2 21 
100 0 |a Boulding, Kenneth E  |9 481735 
245 1 3 |a El significado del siglo XX: la gran transición 
260 0 3 |a Ciudad de México, Mexico  |b UTEHA  |c 1966 
300 |a 204 páginas 
490 0 |a Manuales Uteha.  |v 339 
583 |a last modification  |c 20040109 00:00:00  |k Rodrigo Vera 
650 0 |a Antropología cultural y social   |y Siglo 20   |9 481736 
650 0 |a HISTORIA DEL SIGLO 20  |9 534281 
650 0 |a Cambio social   |9 256857 
650 0 |a Desarrollo económico y social   |9 256320 
650 0 |a Ideologías políticas   |9 255735 
650 7 |a CRECIMIENTO DE LA POBLACION  |2 CL-VaPUC  |9 481737 
942 |c BK  |2 ddc 
945 |d 20040109 00:00:00  |a vberengu 
952 |0 0  |1 0  |2 ddc  |4 0  |6 306_090400000000000_BOU_1966  |7 0  |8 A  |9 372745  |a BIBTEO  |b BIBTEO  |d 2019-11-21  |i 2100568  |o 306.0904 BOU 1966  |p 2100568  |r 2025-01-17  |t 1  |w 2019-11-21  |y BK  |k ICR